000 00550nam a2200181Ia 4500
003 GCL
008 140319s9999 xx 000 0 ara d
040 _aGCL /
_cGCL
082 0 4 _a813.01
_bع و
100 1 _aعماد الغزالى
245 1 0 _aالوجوه :
_bقصص /
_cعماد الغزالى
260 _aالقاهرة :
_bالمجلس الاعلى للثقافة ،
_c1998
300 _a128 ص:
_bايض ؛
_c22 سم
650 0 4 _aالادب العربى
650 0 4 _aالقصص العربية
650 0 4 _aالقصص
942 _2ddc
_cBK
999 _c613
_d613